000 00390nam a2200157Ia 4500
008 121206t2008 xxu||||| |||| 00| 0 eng d
041 _aeng
080 _a8-1
_bSAR
100 _aSarathchandra .A.P.G
245 _aBicycles and Bombs
260 _bRavaya Printers
_aMaharagama
_c2008
300 _b144p., 21 cm
942 _cBK
999 _c74316
_d74316
003 LK-CoDNM
040 _aLK-CoDNM
_dLK-CoDNM
_eLK-CoDNM